Hỏi-đáp về kỹ thuật phay

Gorde:
Xehetasun bibliografikoak
Egile nagusia: Phạm Quang Lê
Formatua: Liburua
Hizkuntza:Undetermined
Argitaratua: Hà Nội KHKT 1971
Gaiak:
Etiketak: Etiketa erantsi
Etiketarik gabe, Izan zaitez lehena erregistro honi etiketa jartzen!
Thư viện lưu trữ: Trung tâm Học liệu Trường Đại học Cần Thơ
LEADER 00453nam a2200169Ia 4500
001 CTU_11738
008 210402s9999 xx 000 0 und d
082 |a 671.53 
082 |b L250 
100 |a Phạm Quang Lê 
245 0 |a Hỏi-đáp về kỹ thuật phay 
245 0 |c Phạm Quang Lê 
260 |a Hà Nội 
260 |b KHKT 
260 |c 1971 
650 |a metal-cutting 
980 |a Trung tâm Học liệu Trường Đại học Cần Thơ